Quản lý khai thác đường ôtô

Xây dựng cầu đường là một trong những công trình đòi hỏi vốn đầu tư lớn, thi công phức tạp. Để hoàn thành một đoạn đường, một chiếc cầu, phải trải qua bao bước "thăng trầm" về thủe tục, phải đối mặt với thời tiết, địa hìn...

全面介绍

Đã lưu trong:
书目详细资料
主要作者: Doãn, Hoa
格式: 图书
语言:Undetermined
出版: Hà Nội Xây dựng 2004
主题:
标签: 添加标签
没有标签, 成为第一个标记此记录!
Thư viện lưu trữ: Trung tâm Học liệu Trường Đại học Cần Thơ
LEADER 01045nam a2200217Ia 4500
001 CTU_102397
008 210402s9999 xx 000 0 und d
020 |c 92000 
082 |a 625.7597 
082 |b H401 
100 |a Doãn, Hoa 
245 0 |a Quản lý khai thác đường ôtô 
245 0 |c Doãn Hoa 
260 |a Hà Nội 
260 |b Xây dựng 
260 |c 2004 
520 |a Xây dựng cầu đường là một trong những công trình đòi hỏi vốn đầu tư lớn, thi công phức tạp. Để hoàn thành một đoạn đường, một chiếc cầu, phải trải qua bao bước "thăng trầm" về thủe tục, phải đối mặt với thời tiết, địa hình, chất lượng vật liệu, giải phóng mặt bằng, cấp phát kinh phí ... 
650 |a Traffic regulation,Traffic safety 
650 |z Vietnam,Vietnam 
904 |i Hiếu 
980 |a Trung tâm Học liệu Trường Đại học Cần Thơ